[Event "1st FIDE OWCCCC Pools-East 2021"]
[Site "Online"]
[Date "2021.02.19"]
[Round "3.17"]
[White "Kachkachishvili, Lasha"]
[Black "Levitan, Ronit"]
[Result "1-0"]
[WhiteElo "1681"]
[BlackElo "2048"]
[Annotator "TA"]
[PlyCount "83"]
[EventDate "2021.02.19"]
[EventType "team-tourn"]
[EventCountry "NET"]
[SourceTitle "playchess.com"]
[Source "ChessBase"]
[SourceQuality "1"]

1. d4 d5 2. Nf3 Nf6 3. c4 e6 4. g3 dxc4 5. Bg2 a6 6. a4 Nc6 7. O-O Rb8 8. Bg5 Be7 9. e3 b5 10. Nfd2 Bb7 11. b3 cxb3 12. axb5 axb5 13. Nxb3 h6 14. Bxf6 Bxf6 15. Nc5 Qc8 16. Nxb7 Qxb7 17. Qc1 Kd7 18. Nc3 b4 19. Na4 Qb5 20. Nc5+ Ke7 21. Nxe6 fxe6 22. Bxc6 Qb6 23. Rb1 Rhd8 24. Rd1 Rd6 25. Ba4 Ra8 26. Bb3 Ra3 27. Qc2 Rc6 28. Qe4 Rc3 29. Rd3 Qd6 30. h4 Rxd3 31. Qxd3 c5 32. Re1 Kf8 33. Qc4 cxd4 34. exd4 Bxd4 35. Qc8+ Kf7 36. Qb7+ Kg8 37. Bxe6+ Kh8 38. Qc8+ Kh7 39. Qg8+ Kg6 40. Qf7+ Kh7 41. Bf5+ Kh8 42. Re8+ 1-0

[Event "1st FIDE OWCCCC Pools-East 2021"]
[Site "Online"]
[Date "2021.02.19"]
[Round "3.18"]
[White "White, John S."]
[Black "Rashoev, Rezo"]
[Result "1-0"]
[WhiteElo "2235"]
[BlackElo "1570"]
[Annotator "TA"]
[PlyCount "125"]
[EventDate "2021.02.19"]
[EventType "team-tourn"]
[EventCountry "NET"]
[SourceTitle "playchess.com"]
[Source "ChessBase"]
[SourceQuality "1"]

1. e4 c5 2. d4 cxd4 3. c3 dxc3 4. Nxc3 Nc6 5. Bc4 e6 6. Nf3 d6 7. O-O Nf6 8. Qe2 e5 9. h3 Be7 10. Rd1 Be6 11. Bb5 O-O 12. Bg5 Qc7 13. Rac1 h6 14. Bh4 Qb6 15. Na4 Qa5 16. b3 Rfd8 17. g4 Rac8 18. g5 Nh5 19. Nc3 Nf4 20. Qb2 Nxh3+ 21. Kh2 Nxg5 22. Nxg5 Bxg5 23. Bxg5 hxg5 24. Qd2 f6 25. Qe2 Bf7 26. Kg3 Kf8 27. Rh1 Ke7 28. Qg4 Nd4 29. Bc4 Bxc4 30. bxc4 Rxc4 31. Nd5+ Kf7 32. Rxc4 Qa3+ 33. Rc3 Qxa2 34. Rc7+ Kg8 35. Nc3 Qd2 36. Qf3 Qf4+ 37. Qxf4 gxf4+ 38. Kg4 b5 39. Rb7 a6 40. Ra1 Ra8 41. Rb6 Nb3 42. Ra3 Nd2 43. Ra2 Nc4 44. Rbxa6 Kf7 45. Rxa8 Ke6 46. Nxb5 Kd7 47. R8a7+ Kc6 48. Nc3 Kc5 49. Rxg7 Kd4 50. Nb5+ Kc5 51. Na3 Nb6 52. Rc2+ Kd4 53. Nb5+ Kd3 54. Rc6 Nc4 55. Nxd6 Na5 56. Ra6 Nb3 57. Kf5 Nd4+ 58. Kxf6 Ke2 59. Kxe5 Nf3+ 60. Kxf4 Kxf2 61. Ra2+ Ke1 62. Kxf3 Kd1 63. Rg1# 1-0

[Event "1st FIDE OWCCCC Pools-East 2021"]
[Site "Online"]
[Date "2021.02.19"]
[Round "3.18"]
[White "Bottino, Alexiei"]
[Black "Vasir, Balveer singh"]
[Result "1-0"]
[WhiteElo "2008"]
[BlackElo "2013"]
[Annotator "TA"]
[PlyCount "93"]
[EventDate "2021.02.19"]
[EventType "team-tourn"]
[EventCountry "NET"]
[SourceTitle "playchess.com"]
[Source "ChessBase"]
[SourceQuality "1"]

1. e4 Nc6 2. d4 e5 3. dxe5 Nxe5 4. Nf3 Qf6 5. Be2 Bb4+ 6. c3 Bc5 7. O-O Ne7 8. Nbd2 O-O 9. Nxe5 Qxe5 10. Qc2 d5 11. Bf3 c6 12. exd5 Nxd5 13. Qe4 Qf6 14. Bg4 Bxg4 15. Qxg4 Rfe8 16. Nf3 Re2 17. Bg5 Qg6 18. Qc4 Re4 19. Qxc5 Rg4 20. Bh4 Rxg2+ 21. Kh1 b6 22. Qd4 Rg4 23. Qd1 Qh5 24. Bg3 Nf4 25. Nd4 Qd5+ 26. Qf3 Qxf3+ 27. Nxf3 Nd5 28. Rfe1 f5 29. Be5 Kf7 30. Nd4 Rh4 31. Nxf5 Rh5 32. Nd6+ Kg8 33. Nc4 Re8 34. Bg3 Rf8 35. Ne3 Nf6 36. Red1 Ne4 37. Kg2 Rg5 38. Rf1 h5 39. h4 Rg6 40. Kh2 Nd2 41. Rfe1 Nf3+ 42. Kg2 Nxe1+ 43. Rxe1 Rd6 44. Bxd6 Rd8 45. Bg3 Rd2 46. Nc4 b5 47. Nxd2 1-0

[Event "1st FIDE OWCCCC Pools-East 2021"]
[Site "Online"]
[Date "2021.02.19"]
[Round "3.18"]
[White "Krishna, Prasad K.C."]
[Black "Hapala, Elisabeth"]
[Result "0-1"]
[WhiteElo "1979"]
[BlackElo "2116"]
[Annotator "TA"]
[PlyCount "132"]
[EventDate "2021.02.19"]
[EventType "team-tourn"]
[EventCountry "NET"]
[SourceTitle "playchess.com"]
[Source "ChessBase"]
[SourceQuality "1"]

1. e4 c5 2. Nf3 e6 3. c3 Nf6 4. e5 Nd5 5. d4 cxd4 6. cxd4 b6 7. Nc3 Nxc3 8. bxc3 Qc7 9. Bd2 Bb7 10. Bd3 d6 11. O-O Nd7 12. exd6 Bxd6 13. h3 O-O 14. Re1 Bf4 15. Bxf4 Qxf4 16. Qd2 Qxd2 17. Nxd2 Rac8 18. Rac1 Rfd8 19. Ne4 Nf6 20. Nxf6+ gxf6 21. Be4 Bxe4 22. Rxe4 f5 23. Rf4 Rc4 24. g4 fxg4 25. Rxg4+ Kf8 26. Kh2 Rdc8 27. Rg3 Rxd4 28. Rcg1 Rdc4 29. Rg7 h5 30. Rh7 h4 31. Rg4 Rxg4 32. hxg4 Rxc3 33. Rxh4 Rc2 34. Kg3 Rxa2 35. Rh8+ Kg7 36. Rb8 Ra4 37. f4 Ra3+ 38. Kh4 Rf3 39. Rb7 Rxf4 40. Rxa7 b5 41. Rb7 b4 42. Kg5 Rd4 43. Kh5 e5 44. g5 Kf8 45. g6 fxg6+ 46. Kxg6 Rf4 47. Rb5 Ke7 48. Rxe5+ Kd6 49. Rb5 Kc6 50. Rb8 Kc5 51. Kg5 Rf1 52. Rc8+ Kb5 53. Rb8+ Kc4 54. Rc8+ Kb3 55. Kg4 Kb2 56. Rb8 b3 57. Kg3 Kc2 58. Rc8+ Kb1 59. Rb8 b2 60. Kg2 Rf5 61. Kg1 Kc2 62. Rc8+ Kb3 63. Rb8+ Kc3 64. Kg2 Rf4 65. Kg3 Rb4 66. Rc8+ Kb3 0-1

[Event "1st FIDE OWCCCC Pools-East 2021"]
[Site "Online"]
[Date "2021.02.19"]
[Round "3.18"]
[White "Hu, Alexandra"]
[Black "Moingt, Jean-Claude"]
[Result "0-1"]
[WhiteElo "1675"]
[BlackElo "2094"]
[Annotator "TA"]
[PlyCount "84"]
[EventDate "2021.02.19"]
[EventType "team-tourn"]
[EventCountry "NET"]
[SourceTitle "playchess.com"]
[Source "ChessBase"]
[SourceQuality "1"]

1. d4 Nf6 2. Nf3 c5 3. c3 e6 4. Bf4 Nc6 5. e3 d5 6. Be2 Qb6 7. Qb3 c4 8. Qxb6 axb6 9. O-O b5 10. Nbd2 b4 11. cxb4 Bxb4 12. a3 Be7 13. Rac1 b5 14. Rfe1 Bd7 15. Ne5 Nxe5 16. Bxe5 O-O 17. Bf3 Bc6 18. h3 Nd7 19. Bg3 f5 20. Bd1 b4 21. axb4 Bxb4 22. Re2 Ra2 23. Rb1 Rfa8 24. Kh2 Ra1 25. f3 Rxb1 26. Nxb1 Bb5 27. Nc3 Bxc3 28. bxc3 Ra3 29. Rb2 Bc6 30. Bc2 Rxc3 31. e4 dxe4 32. fxe4 fxe4 33. Bb1 Rb3 34. Rxb3 cxb3 35. Kg1 Nb6 36. Kf2 Nc4 37. Ke2 Na3 38. Bxe4 Bxe4 39. Ke3 b2 40. Kxe4 b1=Q+ 41. Ke5 Kf7 42. Bf4 Qf5+ 0-1

[Event "1st FIDE OWCCCC Pools-East 2021"]
[Site "Online"]
[Date "2021.02.19"]
[Round "3.18"]
[White "FI-BONNET"]
[Black "Grishin, Alexander"]
[Result "0-1"]
[WhiteElo "1065"]
[BlackElo "2186"]
[Annotator "TA"]
[PlyCount "126"]
[EventDate "2021.02.19"]
[EventType "team-tourn"]
[EventCountry "NET"]
[SourceTitle "playchess.com"]
[Source "ChessBase"]
[SourceQuality "1"]

1. e4 d6 2. d4 Nf6 3. Nc3 g6 4. Nf3 Bg7 5. Bc4 O-O 6. h3 c6 7. O-O b5 8. Bd3 Qc7 9. Bf4 b4 10. Ne2 Nbd7 11. Qd2 e5 12. dxe5 dxe5 13. Bh6 Rb8 14. Bxg7 Kxg7 15. Bc4 Nb6 16. Bb3 a5 17. c3 c5 18. cxb4 cxb4 19. Rac1 Qe7 20. Ng3 h6 21. Qe3 a4 22. Bd5 Nbxd5 23. exd5 Nxd5 24. Qxe5+ Qxe5 25. Nxe5 Be6 26. Ne4 Nf4 27. Rfe1 Bxa2 28. Nd7 Nd3 29. Nxf8 Nxe1 30. Rxe1 Kxf8 31. Nc5 Rc8 32. Nxa4 Rc2 33. Re4 b3 34. Rb4 Rd2 35. Kf1 Kg7 36. Rb6 Rc2 37. g3 Rd2 38. Kg2 h5 39. Kf3 Rd4 40. Nc5 Rd5 41. Nxb3 Rd3+ 42. Kf4 Rxb3 43. Ra6 Rxb2 44. g4 hxg4 45. Kxg4 Rxf2 46. Kg3 Rc2 47. Ra5 Be6 48. Ra4 Rc3+ 49. Kf4 Rxh3 50. Ra5 Kf6 51. Rc5 g5+ 52. Ke4 g4 53. Kf4 Rf3+ 54. Ke4 Rf5 55. Rc3 Kg5 56. Ra3 Rf4+ 57. Ke5 Rf3 58. Ra5 g3 59. Ke4+ Rf5 60. Ra2 Kg4 61. Re2 Kh3 62. Ra2 g2 63. Ke3 g1=Q+ 0-1

[Event "1st FIDE OWCCCC Pools-East 2021"]
[Site "Online"]
[Date "2021.02.19"]
[Round "3.19"]
[White "Droin, Franck"]
[Black "Courtet, Xavier"]
[Result "1-0"]
[WhiteElo "1908"]
[BlackElo "1612"]
[Annotator "TA"]
[PlyCount "51"]
[EventDate "2021.02.19"]
[EventType "team-tourn"]
[EventCountry "NET"]
[SourceTitle "playchess.com"]
[Source "ChessBase"]
[SourceQuality "1"]

1. d4 d5 2. Nf3 Nc6 3. Bf4 Bf5 4. c3 e6 5. e3 Bd6 6. Bg3 Nf6 7. Bb5 Qd7 8. Ne5 Bxe5 9. Bxe5 a6 10. Ba4 O-O-O 11. Nd2 Rhg8 12. b4 b5 13. Bb3 Nxe5 14. dxe5 Ne4 15. Nf3 Qc6 16. Rc1 f6 17. O-O fxe5 18. Nxe5 Qe8 19. Qd4 Kb7 20. a4 Rd6 21. axb5 axb5 22. Ra1 Rb6 23. Ra5 Nd6 24. Rfa1 Kc8 25. Ra8+ Kb7 26. R1a7# 1-0

[Event "1st FIDE OWCCCC Pools-East 2021"]
[Site "Online"]
[Date "2021.02.19"]
[Round "3.19"]
[White "Jagdale, Rahul"]
[Black "Atserias Batalla, Jordi"]
[Result "1-0"]
[WhiteElo "1540"]
[BlackElo "1801"]
[Annotator "NA RC"]
[PlyCount "91"]
[EventDate "2021.02.19"]
[EventType "team-tourn"]
[EventCountry "NET"]
[SourceTitle "playchess.com"]
[Source "ChessBase"]
[SourceQuality "1"]

1. e4 d5 2. exd5 Qxd5 3. Nc3 Qd8 4. d4 Nf6 5. Bc4 Bg4 6. Nge2 e6 7. h3 Bh5 8. Bf4 Nbd7 9. Nb5 Bd6 10. Bxd6 cxd6 11. Nxd6+ Ke7 12. Nb5 Re8 13. Qd2 a5 14. Qf4 e5 15. dxe5 Nxe5 16. Qxe5+ Kf8 17. Qc5+ Qe7 18. Qxe7+ Rxe7 19. g4 Bg6 20. O-O-O Ne4 21. Rhf1 Nc5 22. Nf4 Be4 23. f3 Bc6 24. Nd4 Rae8 25. Nxc6 bxc6 26. b3 a4 27. bxa4 Nxa4 28. Bb3 Nc3 29. Rd6 Re1+ 30. Rxe1 Rxe1+ 31. Kd2 Rd1+ 32. Kxc3 Rxd6 33. a4 Ke7 34. Nd3 f6 35. h4 Kd7 36. h5 h6 37. Nc5+ Kc7 38. Ne4 Rd7 39. Ng3 Kb6 40. Nf5 c5 41. Kc4 Kc6 42. c3 Kb6 43. Bc2 Kc6 44. a5 Ra7 45. Be4+ Kd7 46. Kb5 1-0

[Event "1st FIDE OWCCCC Pools-East 2021"]
[Site "Online"]
[Date "2021.02.19"]
[Round "3.19"]
[White "Pinto, Andre Jorge P A Nuno"]
[Black "Haas, Jacques"]
[Result "1-0"]
[WhiteElo "1534"]
[BlackElo "1836"]
[Annotator "NA RC"]
[PlyCount "81"]
[EventDate "2021.02.19"]
[EventType "team-tourn"]
[EventCountry "NET"]
[SourceTitle "playchess.com"]
[Source "ChessBase"]
[SourceQuality "1"]

1. e4 c6 2. d4 d5 3. Nd2 dxe4 4. Nxe4 Bf5 5. Ng3 Bg6 6. h4 h6 7. Nf3 Nd7 8. h5 Bh7 9. Bd3 Bxd3 10. Qxd3 e6 11. Ne4 Ngf6 12. g3 Be7 13. Bd2 O-O 14. O-O-O a5 15. Kb1 Nxe4 16. Qxe4 Nf6 17. Qe2 Qd5 18. c4 Qf5+ 19. Ka1 Rfd8 20. Be3 b5 21. Ne5 Rac8 22. g4 Qh7 23. g5 hxg5 24. h6 Qf5 25. Rdg1 Ne4 26. hxg7 Kxg7 27. f3 Nd6 28. c5 Nb7 29. f4 f6 30. Nf3 Rh8 31. fxg5 Rxh1 32. Rxh1 fxg5 33. Nxg5 Bxg5 34. Rg1 Kf7 35. Rxg5 Qf6 36. Qh5+ Kf8 37. Rg1 Qf7 38. Qh6+ Ke8 39. Rg7 Qf1+ 40. Bc1 Nxc5 41. Qh8+ 1-0

[Event "1st FIDE OWCCCC Pools-East 2021"]
[Site "Online"]
[Date "2021.02.19"]
[Round "3.19"]
[White "Calvo Garavito, David"]
[Black "Rajaraman, Ananth"]
[Result "0-1"]
[WhiteElo "1445"]
[BlackElo "2135"]
[Annotator "TA"]
[PlyCount "54"]
[EventDate "2021.02.19"]
[EventType "team-tourn"]
[EventCountry "NET"]
[SourceTitle "playchess.com"]
[Source "ChessBase"]
[SourceQuality "1"]

1. e4 e5 2. Nf3 Nc6 3. Bc4 Nf6 4. d3 Bc5 5. h3 d6 6. c3 a6 7. Bb3 h6 8. Nbd2 Ba7 9. Nf1 Be6 10. Ng3 Qd7 11. Qe2 O-O-O 12. Nf5 Bxf5 13. exf5 Qxf5 14. Bxf7 Rhf8 15. Bb3 g5 16. Be3 Bxe3 17. Qxe3 Rde8 18. O-O-O e4 19. dxe4 Nxe4 20. Rhe1 Nc5 21. Qxe8+ Rxe8 22. Rxe8+ Kd7 23. Be6+ Nxe6 24. Rh8 g4 25. Nd2 gxh3 26. gxh3 Nf4 27. Rxh6 Ne2# 0-1

[Event "1st FIDE OWCCCC Pools-East 2021"]
[Site "Online"]
[Date "2021.02.19"]
[Round "3.19"]
[White "Mikheil, Mikaeliani"]
[Black "Shishkin, Aleksey A."]
[Result "1-0"]
[WhiteElo "1424"]
[BlackElo "2155"]
[Annotator "TA"]
[PlyCount "61"]
[EventDate "2021.02.19"]
[EventType "team-tourn"]
[EventCountry "NET"]
[SourceTitle "playchess.com"]
[Source "ChessBase"]
[SourceQuality "1"]

1. e4 c6 2. d4 d5 3. exd5 cxd5 4. c3 Nf6 5. Bg5 h6 6. Bh4 Bf5 7. Nf3 Nbd7 8. Qb3 Qc7 9. Bg3 Qd8 10. Ne5 b6 11. Bb5 e6 12. Bh4 Be7 13. Nc6 Qc7 14. Bg3 Qb7 15. Ne5 O-O 16. Bc6 Qa6 17. Nxd7 Nxd7 18. Bxd7 Be4 19. Bb5 Qb7 20. O-O f5 21. f3 f4 22. fxe4 fxg3 23. Rxf8+ Rxf8 24. hxg3 dxe4 25. Qxe6+ Rf7 26. Be8 Bg5 27. Bxf7+ Qxf7 28. Qxf7+ Kxf7 29. Kf2 Ke6 30. Na3 Kd5 31. Nc2 1-0

[Event "1st FIDE OWCCCC Pools-East 2021"]
[Site "Online"]
[Date "2021.02.19"]
[Round "3.20"]
[White "George, Olufemi"]
[Black "Hande, Namita"]
[Result "1-0"]
[WhiteElo "1766"]
[BlackElo "732"]
[Annotator "NA RC"]
[PlyCount "71"]
[EventDate "2021.02.19"]
[EventType "team-tourn"]
[EventCountry "NET"]
[SourceTitle "playchess.com"]
[Source "ChessBase"]
[SourceQuality "1"]

1. e4 e5 2. Nf3 Nf6 3. Bc4 Nxe4 4. d4 Nf6 5. dxe5 Nh5 6. O-O Nc6 7. Bxf7+ Kxf7 8. Ng5+ Ke8 9. Qxh5+ g6 10. Qe2 a5 11. Nc3 b6 12. Qf3 Nxe5 13. Qxa8 Nc6 14. Nf3 Bc5 15. Bg5 Be7 16. Bxe7 Nxe7 17. Qe4 d5 18. Qe5 Bf5 19. Qxh8+ Kd7 20. Ne5+ Kc8 21. Qxd8+ Kxd8 22. Nd3 Nc6 23. Nxd5 Nb4 24. N5xb4 axb4 25. Nxb4 Bxc2 26. Nxc2 c5 27. Rfe1 Kd7 28. Rad1+ Kc6 29. a4 Kc7 30. Re6 Kb7 31. Na3 Ka6 32. Nc4 Kb7 33. Rd7+ Kc8 34. Rxh7 Kd8 35. Rxb6 Ke8 36. Rb8# 1-0

[Event "1st FIDE OWCCCC Pools-East 2021"]
[Site "Online"]
[Date "2021.02.19"]
[Round "3.20"]
[White "Mathieu, Alexis"]
[Black "Debos, Dorothee"]
[Result "1-0"]
[WhiteElo "1530"]
[BlackElo "438"]
[Annotator "NA RC"]
[PlyCount "57"]
[EventDate "2021.02.19"]
[EventType "team-tourn"]
[EventCountry "NET"]
[SourceTitle "playchess.com"]
[Source "ChessBase"]
[SourceQuality "1"]

1. e4 e5 2. Nf3 Nf6 3. Nc3 d6 4. Bc4 Be7 5. d3 O-O 6. O-O c5 7. Bd5 Nxd5 8. Nxd5 Nc6 9. c3 b5 10. Bg5 a6 11. b4 f6 12. Be3 cxb4 13. cxb4 Rb8 14. a3 Ra8 15. Qc2 Bb7 16. Bb6 Qb8 17. Qb3 Nd4 18. Nxe7+ Kh8 19. Nxd4 exd4 20. Bxd4 Qe8 21. Nd5 g5 22. Nc7 Qh5 23. Nxa8 Bxa8 24. Qe6 g4 25. Bxf6+ Rxf6 26. Qxf6+ Kg8 27. Rac1 h6 28. Rc8+ Kh7 29. Rh8# 1-0

[Event "1st FIDE OWCCCC Pools-East 2021"]
[Site "Online"]
[Date "2021.02.19"]
[Round "3.20"]
[White "Gupta Ashish Bajaranglal"]
[Black "Jay_"]
[Result "0-1"]
[WhiteElo "1515"]
[BlackElo "1546"]
[Annotator "NA RC"]
[PlyCount "80"]
[EventDate "2021.02.19"]
[EventType "team-tourn"]
[EventCountry "NET"]
[SourceTitle "playchess.com"]
[Source "ChessBase"]
[SourceQuality "1"]

1. d4 d5 2. c4 e6 3. Nf3 c5 4. e3 Nc6 5. Nc3 Nf6 6. cxd5 exd5 7. Bd3 Be7 8. O-O O-O 9. dxc5 Bxc5 10. a3 Re8 11. b4 Be7 12. Bb2 Bg4 13. Be2 Be6 14. Ng5 Bf5 15. Bd3 Qd7 16. Qc2 Bxd3 17. Qxd3 Ne5 18. Qe2 Qf5 19. f4 Nc4 20. Rae1 Bf8 21. Bc1 Rac8 22. Nb5 h6 23. Nd4 Qg6 24. Ngf3 Ng4 25. f5 Qb6 26. Qd3 Bd6 27. h3 Nf6 28. e4 dxe4 29. Rxe4 Rxe4 30. Kh1 Ne5 31. Nxe5 Qxd4 32. Qxd4 Rxd4 33. Nf3 Rdc4 34. Bb2 Ne4 35. Re1 Ng3+ 36. Kg1 Re4 37. Rd1 Bf8 38. f6 g6 39. Ne5 Ne2+ 40. Kf2 Nc3 0-1

[Event "1st FIDE OWCCCC Pools-East 2021"]
[Site "Online"]
[Date "2021.02.19"]
[Round "3.20"]
[White "Vinoth Kumar Kannan"]
[Black "Lisiewicz Jornet, Julia"]
[Result "1-0"]
[WhiteElo "1255"]
[BlackElo "1583"]
[Annotator "NA RC"]
[PlyCount "79"]
[EventDate "2021.02.19"]
[EventType "team-tourn"]
[EventCountry "NET"]
[SourceTitle "playchess.com"]
[Source "ChessBase"]
[SourceQuality "1"]

1. d4 d5 2. c4 e6 3. e3 Nf6 4. a3 Be7 5. Nc3 O-O 6. Nf3 b6 7. cxd5 exd5 8. h3 Bb7 9. Bd3 h6 10. O-O Nbd7 11. b4 Rc8 12. Bb2 a6 13. Rc1 c5 14. bxc5 bxc5 15. dxc5 Nxc5 16. Bb1 Re8 17. Ba2 Qd6 18. Nd4 Rcd8 19. Nf5 Qb6 20. Nxe7+ Rxe7 21. Rb1 Qc7 22. Ne2 Ne6 23. Bxf6 gxf6 24. Ng3 Ng7 25. Qd4 Qe5 26. Rfd1 Qxd4 27. Rxd4 Red7 28. Rf4 Rd6 29. Rxb7 Rc8 30. Rg4 Kf8 31. Rd4 Rcd8 32. Ra7 f5 33. Rf4 Rc6 34. Nxf5 Nxf5 35. Rxf5 Rc1+ 36. Kh2 Rc2 37. Bxd5 Rdc8 38. Raxf7+ Ke8 39. Rf8+ Kd7 40. Rxc8 1-0

[Event "1st FIDE OWCCCC Pools-East 2021"]
[Site "Online"]
[Date "2021.02.19"]
[Round "3.20"]
[White "Wendehenne, Pauline"]
[Black "Kondrashina, Svetlana"]
[Result "0-1"]
[WhiteElo "1087"]
[BlackElo "1624"]
[Annotator "NA RC"]
[PlyCount "24"]
[EventDate "2021.02.19"]
[EventType "team-tourn"]
[EventCountry "NET"]
[SourceTitle "playchess.com"]
[Source "ChessBase"]
[SourceQuality "1"]

1. d4 d5 2. e3 Nf6 3. Nf3 Bf5 4. Nc3 e6 5. Bd2 Be7 6. Bb5+ c6 7. Ba4 O-O 8. Qe2 Nbd7 9. O-O-O b5 10. Nxb5 cxb5 11. Bxb5 Qc7 12. g3 Qxc2# 0-1

[Event "1st FIDE OWCCCC Pools-East 2021"]
[Site "Online"]
[Date "2021.02.19"]
[Round "3.20"]
[White "Goldberg, Ilya"]
[Black "Diasamidze, Mariam"]
[Result "0-1"]
[WhiteElo "858"]
[BlackElo "2016"]
[Annotator "TA"]
[PlyCount "86"]
[EventDate "2021.02.19"]
[EventType "team-tourn"]
[EventCountry "NET"]
[SourceTitle "playchess.com"]
[Source "ChessBase"]
[SourceQuality "1"]

1. d4 g6 2. e4 Bg7 3. Nf3 d6 4. Bf4 Nf6 5. e5 dxe5 6. Nxe5 Nh5 7. Bg3 Nxg3 8. hxg3 Bxe5 9. dxe5 Qxd1+ 10. Kxd1 Nc6 11. f4 Bg4+ 12. Ke1 Nd4 13. Bd3 O-O-O 14. Na3 f6 15. exf6 exf6 16. Kf2 f5 17. Rae1 c6 18. Nc4 h5 19. Ne5 Nxc2 20. Nxg6 Nxe1 21. Bxf5+ Bxf5 22. Nxh8 Nd3+ 23. Kf3 Rxh8 24. Ke3 Re8+ 25. Kd4 c5+ 26. Kc4 Re4+ 27. Kxd3 Re1+ 28. Kc4 Rxh1 29. Kxc5 Rg1 30. Kd4 Rxg2 31. Ke5 Bg4 32. f5 Rxg3 33. f6 Rf3 34. Kd6 Rxf6+ 35. Ke5 Rf5+ 36. Ke4 h4 37. b4 h3 38. Kd4 h2 39. a4 h1=Q 40. b5 Qd1+ 41. Kc4 Be2+ 42. Kb4 Rf4+ 43. Ka5 Qd2# 0-1

[Event "1st FIDE OWCCCC Pools-East 2021"]
[Site "Online"]
[Date "2021.02.19"]
[Round "3.21"]
[White "Fischer, Johannes"]
[Black "Tiwari, Bhaskar"]
[Result "1-0"]
[WhiteElo "2264"]
[BlackElo "1617"]
[Annotator "TA"]
[PlyCount "71"]
[EventDate "2021.02.19"]
[EventType "team-tourn"]
[EventCountry "NET"]
[SourceTitle "playchess.com"]
[Source "ChessBase"]
[SourceQuality "1"]

1. e4 e5 2. Nf3 Nf6 3. Nc3 Nc6 4. Bb5 a6 5. Bxc6 dxc6 6. Nxe5 Qe7 7. d4 Be6 8. O-O O-O-O 9. Qe2 Rxd4 10. Be3 Rd8 11. Rfd1 Nd7 12. Nxc6 Qe8 13. Nxd8 Qxd8 14. Rd2 Qe8 15. a3 f6 16. Rad1 Bd6 17. b4 Qg6 18. b5 Bh3 19. f3 a5 20. Kh1 Be6 21. b6 Be5 22. Nb5 Qh5 23. h3 Bxh3 24. gxh3 Qxh3+ 25. Kg1 Nxb6 26. Bxb6 Qg3+ 27. Qg2 cxb6 28. Qxg3 Bxg3 29. Rd7 Bf4 30. Rxg7 h5 31. Rdd7 Be3+ 32. Kg2 Bf4 33. Na7+ Kb8 34. Rxb7+ Ka8 35. Nc6 Rf8 36. Ra7# 1-0

[Event "1st FIDE OWCCCC Pools-East 2021"]
[Site "Online"]
[Date "2021.02.19"]
[Round "3.22"]
[White "Mamikonyan, Tigran"]
[Black "mnaveenkumar"]
[Result "1-0"]
[WhiteElo "2308"]
[BlackElo "1810"]
[Annotator "TA"]
[PlyCount "91"]
[EventDate "2021.02.19"]
[EventType "team-tourn"]
[EventCountry "NET"]
[SourceTitle "playchess.com"]
[Source "ChessBase"]
[SourceQuality "1"]

1. e4 c5 2. Nf3 Nc6 3. c3 d5 4. exd5 Qxd5 5. d3 Nf6 6. Be2 e5 7. Na3 a6 8. Nc4 Qd8 9. Ncxe5 Nxe5 10. Nxe5 Bd6 11. Nc4 O-O 12. Nxd6 Qxd6 13. O-O Bf5 14. Qd2 Rfd8 15. Rd1 b5 16. Qf4 Qd7 17. Bf3 Ra7 18. d4 Qe6 19. Be3 cxd4 20. Rxd4 Rad7 21. Rad1 h6 22. h3 g5 23. Qg3 Rxd4 24. Rxd4 Rxd4 25. Bxd4 Nd7 26. Bg4 Kh7 27. Qf3 Bxg4 28. Qxg4 Qxg4 29. hxg4 Kg6 30. f3 f6 31. Kf2 Kf7 32. Ke3 Ke6 33. b3 Kd5 34. Kd3 Ne5+ 35. Bxe5 Kxe5 36. g3 Kd5 37. c4+ bxc4+ 38. bxc4+ Kc5 39. Kc3 a5 40. a4 Kd6 41. Kd4 Kc6 42. c5 Kc7 43. Kd5 Kd7 44. c6+ Kc7 45. Kc5 Kb8 46. Kb6 1-0

[Event "1st FIDE OWCCCC Pools-East 2021"]
[Site "Online"]
[Date "2021.02.19"]
[Round "3.22"]
[White "Sebe-Vodislav, Razvan-Alexandru"]
[Black "Wong, Alex"]
[Result "1-0"]
[WhiteElo "2270"]
[BlackElo "1647"]
[Annotator "TA"]
[PlyCount "93"]
[EventDate "2021.02.19"]
[EventType "team-tourn"]
[EventCountry "NET"]
[SourceTitle "playchess.com"]
[Source "ChessBase"]
[SourceQuality "1"]

1. e4 c5 2. Nf3 Nc6 3. Bb5 d6 4. Bxc6+ bxc6 5. O-O Nf6 6. Re1 d5 7. e5 Nd7 8. e6 fxe6 9. Ng5 Nf6 10. d4 cxd4 11. Qxd4 Qb6 12. Qc3 c5 13. Bf4 g6 14. Be5 Bg7 15. Nd2 O-O 16. Rab1 Bd7 17. Qh3 h6 18. Ngf3 Rae8 19. Qg3 g5 20. h4 g4 21. Nh2 h5 22. c3 Rf7 23. f3 Ref8 24. fxg4 Nxg4 25. Nxg4 hxg4 26. Qxg4 c4+ 27. Bd4 Qd6 28. Be5 Qc5+ 29. Bd4 Qc7 30. Be5 Qb6+ 31. Kh2 Qf2 32. Re2 Qf5 33. Qg3 Kh7 34. Nf3 Bxe5 35. Rxe5 Qg6 36. Ng5+ Kg8 37. Nxf7 Qxg3+ 38. Kxg3 Rxf7 39. Rg5+ Kf8 40. h5 Rf5 41. Kh4 Rf4+ 42. g4 e5 43. h6 Rf2 44. Kg3 Rf7 45. Rh1 Rh7 46. Rf1+ Ke8 47. Rg8# 1-0

[Event "1st FIDE OWCCCC Pools-East 2021"]
[Site "Online"]
[Date "2021.02.19"]
[Round "3.22"]
[White "Regalla, Sai Chand"]
[Black "Latreche, Khadidja"]
[Result "0-1"]
[WhiteElo "1890"]
[BlackElo "1900"]
[Annotator "NA RC"]
[PlyCount "108"]
[EventDate "2021.02.19"]
[EventType "team-tourn"]
[EventCountry "NET"]
[SourceTitle "playchess.com"]
[Source "ChessBase"]
[SourceQuality "1"]

1. Nf3 c5 2. e4 e6 3. d4 cxd4 4. Nxd4 Nc6 5. Nxc6 bxc6 6. Nc3 d5 7. exd5 cxd5 8. Qf3 Nf6 9. Bg5 Be7 10. Bd3 Bd7 11. O-O O-O 12. Rfe1 Bc6 13. Qh3 g6 14. Bf4 d4 15. Ne4 Nh5 16. Bd2 f5 17. Ng3 Nxg3 18. Qxg3 Qd5 19. Re5 Qd7 20. Qh3 Bd6 21. Ree1 e5 22. Qh6 Qg7 23. Bc4+ Kh8 24. Qxg7+ Kxg7 25. c3 Rac8 26. cxd4 exd4 27. Bb3 Be4 28. Rac1 Rc5 29. a3 Rfc8 30. f3 Rxc1 31. Bxc1 Bc2 32. Be6 Rc7 33. Bd5 d3 34. Bd2 Bc5+ 35. Kh1 Bd4 36. b4 h6 37. h3 Rd7 38. Bc4 Rc7 39. Bd5 Ba4 40. Kh2 Bf2 41. Re6 Bd1 42. Bf4 Rd7 43. Bd6 Be2 44. Bb3 h5 45. g3 h4 46. g4 Bxf3 47. gxf5 gxf5 48. Be5+ Kh7 49. Rf6 d2 50. Bg8+ Kxg8 51. Rg6+ Kf8 52. Rf6+ Ke8 53. Re6+ Re7 54. Rxe7+ Kxe7 0-1

[Event "1st FIDE OWCCCC Pools-East 2021"]
[Site "Online"]
[Date "2021.02.19"]
[Round "3.22"]
[White "Langvik, Ulrikke"]
[Black "Gupta, Apaar"]
[Result "1-0"]
[WhiteElo "1542"]
[BlackElo "1698"]
[Annotator "NA RC"]
[PlyCount "109"]
[EventDate "2021.02.19"]
[EventType "team-tourn"]
[EventCountry "NET"]
[SourceTitle "playchess.com"]
[Source "ChessBase"]
[SourceQuality "1"]

1. d4 d5 2. c4 e6 3. Nc3 Nf6 4. cxd5 exd5 5. Bg5 Be7 6. e3 c6 7. Bd3 O-O 8. Nge2 Re8 9. Qc2 Nbd7 10. O-O Nf8 11. Rab1 a5 12. a3 a4 13. Nxa4 Ne4 14. Bxe7 Qxe7 15. Nac3 Ng6 16. Nxe4 dxe4 17. Bc4 Be6 18. Bxe6 Qxe6 19. Rfc1 h5 20. Qc5 Qg4 21. Ng3 h4 22. Qf5 Qxf5 23. Nxf5 Re6 24. Rc5 b6 25. Rc3 Ra5 26. g4 hxg3 27. Nxg3 Nh4 28. Rbc1 Rb5 29. b4 c5 30. dxc5 bxc5 31. Rxc5 Rbb6 32. Rh5 Nf3+ 33. Kg2 g6 34. Rc8+ Kg7 35. Rhh8 Ra6 36. Rcg8+ Kf6 37. Ra8 Kg7 38. Rhg8+ Kf6 39. Nxe4+ Rxe4 40. Rxa6+ Kg5 41. Kxf3 Rh4 42. Ra5+ f5 43. Ra6 Rh3+ 44. Ke2 Rh6 45. Raxg6+ Rxg6 46. Rxg6+ Kxg6 47. a4 Kg5 48. a5 Kg4 49. a6 Kh3 50. a7 Kxh2 51. a8=Q Kh3 52. Kf3 Kh2 53. Qh8+ Kg1 54. Qa1+ Kh2 55. Qg7 1-0